00267nam a2200109 a 4500008004100000050001600041100002300057245002200080260002500102300002100127350000900148120416s1981 ||||||||||||||||| || u aHF 5667 Cha aChambers, Andrew D10aComputer Auditing aLondonbPitmanc1981 axv, 237p. : ill. a0.00